[Event "EU-chT (Women) 20th"]
[Site "Reykjavik"]
[Date "2015.11.14"]
[Round "2.5"]
[White "Danielian, Elina"]
[Black "Kosteniuk, Alexandra"]
[Result "0-1"]
[WhiteElo "2474"]
[BlackElo "2534"]
[PlyCount "144"]
[EventDate "2015.11.13"]
[EventType "team-swiss"]
[EventRounds "9"]
[EventCountry "ISL"]
[SourceTitle "CBM 169 Extra"]
[Source "ChessBase"]
[SourceDate "2015.12.18"]
[SourceVersion "1"]
[SourceVersionDate "2015.12.18"]
[SourceQuality "1"]
[WhiteTeam "Armenia (W)"]
[BlackTeam "Russia (W)"]
[WhiteTeamCountry "ARM"]
[BlackTeamCountry "RUS"]

1. Nf3 Nf6 2. g3 b6 3. Bg2 Bb7 4. O-O e6 5. c4 Be7 6. d4 O-O 7. Nc3 Ne4 8. Qc2
Nxc3 9. Qxc3 d6 10. b3 Bf6 11. Bb2 Qe7 12. Qc2 g6 13. Rad1 Bg7 14. e4 e5 15.
Rfe1 c5 16. dxe5 dxe5 17. Bh3 Qc7 18. Qc1 Nc6 19. Qg5 Nd4 20. Nxd4 exd4 21. Bc1
f5 22. Bg2 Qc6 23. f3 fxe4 24. Rxe4 Qf6 25. Qxf6 Rxf6 26. Re7 Bxf3 27. Bxf3
Rxf3 28. Bf4 Bf6 29. Rb7 Re8 30. Rf1 Rxf1+ 31. Kxf1 d3 32. Rb8 Bd8 33. Ra8 a5
34. Rb8 h5 35. h4 Kf7 36. Rb7+ Ke6 37. Ke1 Kf5+ 38. Kd2 Re2+ 39. Kxd3 Rxa2 40.
Rd7 Bxh4 41. Rd5+ Kg4 42. gxh4 Kxf4 43. Rg5 Ra3 44. Kc2 a4 45. bxa4 Rg3 46. Rd5
Rg4 47. Rd6 Kf5 48. Rxb6 Rxc4+ 49. Kb3 Rxh4 50. a5 Rh1 51. Kb2 Re1 52. a6 Re7
53. Kc3 Ra7 54. Kc4 h4 55. Rc6 h3 56. Rxc5+ Kf4 57. Kb5 h2 58. Rc4+ Kg5 59.
Rc5+ Kh4 60. Rc4+ Kh5 61. Rc1 Rh7 62. Rh1 Kg4 63. a7 Rxa7 64. Rxh2 Kg3 65. Rh6
g5 66. Kc4 Rd7 67. Ra6 g4 68. Ra3+ Kh2 69. Ra2+ Kh3 70. Ra8 g3 71. Kc3 Rg7 72.
Rh8+ Kg4 0-1

[Event "EU-chT (Women) 20th"]
[Site "Reykjavik"]
[Date "2015.11.16"]
[Round "4.1"]
[White "Dzagnidze, Nana"]
[Black "Kosteniuk, Alexandra"]
[Result "1/2-1/2"]
[WhiteElo "2566"]
[BlackElo "2534"]
[PlyCount "174"]
[EventDate "2015.11.13"]
[EventType "team-swiss"]
[EventRounds "9"]
[EventCountry "ISL"]
[SourceTitle "CBM 169 Extra"]
[Source "ChessBase"]
[SourceDate "2015.12.18"]
[SourceVersion "1"]
[SourceVersionDate "2015.12.18"]
[SourceQuality "1"]
[WhiteTeam "Georgia (W)"]
[BlackTeam "Russia (W)"]
[WhiteTeamCountry "GEO"]
[BlackTeamCountry "RUS"]

1. d4 Nf6 2. Nf3 d5 3. c4 e6 4. Nbd2 Be7 5. g3 O-O 6. Bg2 b6 7. O-O Bb7 8. b3
c5 9. Bb2 Nc6 10. cxd5 Nxd5 11. dxc5 Bxc5 12. Qb1 Be7 13. e4 Ndb4 14. a3 Nd3
15. Bc3 Nc5 16. Nc4 b5 17. Rd1 Qc7 18. Ne3 Rfd8 19. Qc2 Rac8 20. Rxd8+ Nxd8 21.
Nd4 Bxe4 22. Bxe4 Nxe4 23. Qxe4 Qxc3 24. Rd1 Nc6 25. Nxe6 Qe5 26. Qxe5 Nxe5 27.
Nd4 Bxa3 28. Nxb5 Bc5 29. Rc1 Nd3 30. Rc3 Rd8 31. Kf1 Bb4 32. Rc2 a5 33. Ke2
Nc5 34. Na7 Nxb3 35. Nc6 Nd4+ 36. Nxd4 Rxd4 37. Rc8+ Bf8 38. Ra8 a4 39. Nf5
Re4+ 40. Kf3 Re5 41. Ne3 a3 42. Nc4 Re1 43. Nb6 Rd1 44. Ke2 Rd6 45. Nc4 Re6+
46. Kd2 g5 47. Nxa3 Rh6 48. Nc4 Rxh2 49. Ke2 Kg7 50. Ra5 f6 51. Ne3 Rh1 52. Nf1
h5 53. Ne3 Kg6 54. Ra8 Bc5 55. Rg8+ Kf7 56. Rc8 Bd4 57. Rc7+ Ke6 58. Rh7 Bc5
59. Kf3 Rh2 60. Ke2 f5 61. Rh6+ Ke5 62. Rc6 Bd4 63. Rc8 h4 64. Re8+ Kf6 65.
gxh4 gxh4 66. Rf8+ Kg6 67. Rg8+ Kf7 68. Rd8 Bf6 69. Rd5 Rh1 70. Rxf5 Kg6 71.
Ra5 h3 72. Kf3 Rg1 73. Ng4 Bd4 74. Rd5 Bg7 75. Rb5 Bd4 76. Rd5 Bg7 77. Rb5 Bf8
78. Rb8 Bg7 79. Rb6+ Kh5 80. Rb5+ Kh4 81. Ne3 Bf8 82. Rb7 Kg5 83. Rb5+ Kh4 84.
Nf5+ Kg5 85. Ne3+ Kg6 86. Rb6+ Kf7 87. Ng4 Bg7 1/2-1/2

[Event "Rome World Online Blitz (Women)"]
[Site "Rome"]
[Date "2015.11.26"]
[Round "1"]
[White "Kosteniuk, Alexandra"]
[Black "Padmini, Rout"]
[Result "1-0"]
[WhiteElo "2534"]
[BlackElo "2437"]
[PlyCount "107"]
[EventDate "2015.11.26"]
[EventType "tourn (blitz)"]
[EventRounds "18"]
[EventCountry "ITA"]
[EventCategory "7"]
[SourceTitle "CBM 169 Extra"]
[Source "ChessBase"]
[SourceDate "2015.12.18"]
[SourceVersion "1"]
[SourceVersionDate "2015.12.18"]
[SourceQuality "1"]

1. e4 c5 2. Nf3 e6 3. d4 cxd4 4. Nxd4 Nc6 5. Nc3 Qc7 6. Be2 Nf6 7. Be3 d6 8.
Qd2 Be7 9. O-O-O a6 10. f4 Bd7 11. Bf3 Nxd4 12. Bxd4 Bc6 13. Rhe1 e5 14. Be3
O-O 15. Kb1 Rac8 16. g4 exf4 17. Bxf4 Nd7 18. Bxd6 Bxd6 19. Qxd6 Ne5 20. Qxc7
Rxc7 21. Be2 Rd7 22. Rxd7 Bxd7 23. h3 f6 24. Nd5 Be6 25. c4 Kf7 26. b3 Rd8 27.
Kb2 h6 28. Kc3 Rc8 29. Kd4 Nc6+ 30. Ke3 Ne5 31. Rf1 Rb8 32. c5 Rd8 33. Rd1 Rc8
34. b4 a5 35. Nb6 Rc7 36. a3 axb4 37. axb4 Nc6 38. b5 Ne5 39. Rc1 g6 40. Nd5
Rc8 41. Nf4 Nd7 42. c6 bxc6 43. Rxc6 Rxc6 44. bxc6 Ne5 45. c7 Bc8 46. Nd5 Ke6
47. Nb6 Kd6 48. Nxc8+ Kxc7 49. Ne7 Kd6 50. Ng8 Ke6 51. Nxh6 Ke7 52. h4 Kf8 53.
g5 Kg7 54. Ng4 1-0

[Event "Rome World Online Blitz (Women)"]
[Site "Rome"]
[Date "2015.11.26"]
[Round "2"]
[White "Foisor, Sabina Francesca"]
[Black "Kosteniuk, Alexandra"]
[Result "0-1"]
[WhiteElo "2258"]
[BlackElo "2534"]
[PlyCount "84"]
[EventDate "2015.11.26"]
[EventType "tourn (blitz)"]
[EventRounds "18"]
[EventCountry "ITA"]
[EventCategory "7"]
[SourceTitle "CBM 169 Extra"]
[Source "ChessBase"]
[SourceDate "2015.12.18"]
[SourceVersion "1"]
[SourceVersionDate "2015.12.18"]
[SourceQuality "1"]

1. d4 Nf6 2. Bf4 d5 3. e3 Bg4 4. Nf3 e6 5. Nbd2 Bd6 6. Bg3 O-O 7. Bd3 c5 8. c3
Nc6 9. O-O Bxg3 10. hxg3 cxd4 11. exd4 Ne7 12. Re1 Nf5 13. Qc2 Nd6 14. Ne5 Bf5
15. Bxf5 Nxf5 16. Nf1 Rc8 17. Qa4 a6 18. g4 Nd6 19. Ng3 Nc4 20. Nxc4 Rxc4 21.
Qd1 b5 22. a3 a5 23. g5 Nd7 24. Qg4 Re8 25. Re3 b4 26. axb4 axb4 27. Ne2 bxc3
28. bxc3 Nf8 29. Qf4 Qc7 30. Qh4 Qb7 31. Kh2 Qb8+ 32. g3 Qb2 33. Rh1 Ra8 34.
Kg2 Ra1 35. Rxa1 Qxa1 36. Qf4 Qb1 37. Rf3 Qb7 38. Qd6 Qc7 39. Qa3 Qd8 40. Qa7
Rc7 41. Qa5 Rd7 42. Nf4 Qxa5 0-1

[Event "Rome World Online Blitz (Women)"]
[Site "Rome"]
[Date "2015.11.26"]
[Round "3"]
[White "Kosteniuk, Alexandra"]
[Black "Gunina, Valentina"]
[Result "1-0"]
[WhiteElo "2534"]
[BlackElo "2516"]
[PlyCount "105"]
[EventDate "2015.11.26"]
[EventType "tourn (blitz)"]
[EventRounds "18"]
[EventCountry "ITA"]
[EventCategory "7"]
[SourceTitle "CBM 169 Extra"]
[Source "ChessBase"]
[SourceDate "2015.12.18"]
[SourceVersion "1"]
[SourceVersionDate "2015.12.18"]
[SourceQuality "1"]

1. e4 c6 2. d4 d5 3. e5 Bf5 4. Nf3 e6 5. Be2 Nd7 6. O-O Bg6 7. Nbd2 Ne7 8. Nh4
Nf5 9. Nxg6 hxg6 10. Nf3 Be7 11. a4 g5 12. g3 Nf8 13. c3 Ng6 14. Bd3 Rh3 15.
Ne1 Qd7 16. Qg4 Rh7 17. Bxg5 O-O-O 18. Bxe7 Ngxe7 19. h4 g5 20. hxg5 Rdh8 21.
Nf3 Ng6 22. Kg2 c5 23. Rh1 cxd4 24. cxd4 Rxh1 25. Rxh1 Rxh1 26. Kxh1 Nge7 27.
Bb5 Qc7 28. Qf4 Qc2 29. Qd2 Qe4 30. Kg2 Ng6 31. Qc3+ Kb8 32. Kf1 Qb1+ 33. Ne1
Qe4 34. Bd3 Qh1+ 35. Ke2 Nge7 36. g4 Nh4 37. Qc5 Nc8 38. Qc1 Qg1 39. f3 Qxd4
40. Qc3 Qg1 41. Bb5 a6 42. Be8 d4 43. Qd3 Ng6 44. Kd1 Nxe5 45. Qe4 Ng6 46. Bxf7
Nh4 47. Bxe6 Nd6 48. Qe5 Kc7 49. Bd5 Ng6 50. Qg7+ Kb6 51. Qxg6 Kc5 52. Bb3 Qf2
53. Qc2+ 1-0

[Event "Rome World Online Blitz (Women)"]
[Site "Rome"]
[Date "2015.11.26"]
[Round "4"]
[White "Dzagnidze, Nana"]
[Black "Kosteniuk, Alexandra"]
[Result "1-0"]
[WhiteElo "2566"]
[BlackElo "2534"]
[PlyCount "107"]
[EventDate "2015.11.26"]
[EventType "tourn (blitz)"]
[EventRounds "18"]
[EventCountry "ITA"]
[EventCategory "7"]
[SourceTitle "CBM 169 Extra"]
[Source "ChessBase"]
[SourceDate "2015.12.18"]
[SourceVersion "1"]
[SourceVersionDate "2015.12.18"]
[SourceQuality "1"]

1. d4 Nf6 2. c4 e6 3. Nc3 Bb4 4. Qc2 Nc6 5. Nf3 d6 6. g3 O-O 7. Bg2 e5 8. dxe5
Nxe5 9. Nxe5 dxe5 10. O-O c6 11. Bg5 Be7 12. Rfd1 Qc7 13. Rd2 Be6 14. b3 Rad8
15. Rad1 Rxd2 16. Rxd2 Rd8 17. Bxf6 Bxf6 18. h4 h6 19. Be4 Rxd2 20. Qxd2 Qd8
21. Qc2 Be7 22. Bf5 Qd7 23. Bxe6 Qxe6 24. Qd3 f5 25. Qe3 b6 26. Kg2 e4 27. Qd2
Kh7 28. Nd1 Bd6 29. e3 Be7 30. Nc3 Bb4 31. Qd4 Qd6 32. Ne2 Qe7 33. Nf4 Bc5 34.
Qd1 Qf7 35. Qd8 g6 36. Qc8 g5 37. hxg5 hxg5 38. Ne6 Be7 39. Qd7 Kg8 40. Qxc6
Qh5 41. Nd4 Qf7 42. Qd7 f4 43. exf4 gxf4 44. Qg4+ Qg7 45. Qxg7+ Kxg7 46. gxf4
Kf6 47. Kg3 Bc5 48. Nc2 a5 49. Ne3 Bd4 50. Kg4 Bc5 51. Nd5+ Kf7 52. Kf5 Bxf2
53. Kxe4 Bc5 54. Ke5 1-0

[Event "Rome World Online Blitz (Women)"]
[Site "Rome"]
[Date "2015.11.26"]
[Round "5"]
[White "Kosteniuk, Alexandra"]
[Black "Vasilevich, Irina"]
[Result "1-0"]
[WhiteElo "2534"]
[BlackElo "2305"]
[PlyCount "59"]
[EventDate "2015.11.26"]
[EventType "tourn (blitz)"]
[EventRounds "18"]
[EventCountry "ITA"]
[EventCategory "7"]
[SourceTitle "CBM 169 Extra"]
[Source "ChessBase"]
[SourceDate "2015.12.18"]
[SourceVersion "1"]
[SourceVersionDate "2015.12.18"]
[SourceQuality "1"]

1. e4 c5 2. Nf3 e6 3. d4 cxd4 4. Nxd4 Nc6 5. Nc3 Qc7 6. Be2 Nf6 7. Be3 a6 8.
O-O Bb4 9. Na4 Bd6 10. f4 Nxe4 11. Nxc6 dxc6 12. Nb6 Rb8 13. Nc4 Be7 14. Bd4 b5
15. Bf3 Nf6 16. Ne3 O-O 17. Be5 Qa7 18. Bxb8 Qxb8 19. Qe2 Qb6 20. Kh1 Bc5 21.
Rae1 Rd8 22. c3 b4 23. Nc4 Qc7 24. Ne5 bxc3 25. bxc3 Bb7 26. Qc4 Bd6 27. Nd3
Nd5 28. Nc5 Bxf4 29. Nxb7 Qxb7 30. Bxd5 1-0

[Event "Rome World Online Blitz (Women)"]
[Site "Rome"]
[Date "2015.11.26"]
[Round "6"]
[White "Kosteniuk, Alexandra"]
[Black "Harika, Dronavalli"]
[Result "1/2-1/2"]
[WhiteElo "2534"]
[BlackElo "2513"]
[PlyCount "115"]
[EventDate "2015.11.26"]
[EventType "tourn (blitz)"]
[EventRounds "18"]
[EventCountry "ITA"]
[EventCategory "7"]
[SourceTitle "CBM 169 Extra"]
[Source "ChessBase"]
[SourceDate "2015.12.18"]
[SourceVersion "1"]
[SourceVersionDate "2015.12.18"]
[SourceQuality "1"]

1. e4 e6 2. d4 d5 3. Nd2 Nf6 4. e5 Nfd7 5. Bd3 c5 6. c3 Nc6 7. Ne2 cxd4 8. cxd4
f6 9. exf6 Nxf6 10. Nf3 Bd6 11. O-O Qc7 12. g3 O-O 13. Bf4 Ne4 14. Qc1 Bd7 15.
Bxd6 Qxd6 16. Qe3 Nb4 17. Ne5 Nxd3 18. Qxd3 a6 19. Nxd7 Qxd7 20. f3 Nd6 21. Nf4
Rae8 22. Rae1 Qf7 23. b3 g5 24. Ng2 Qg7 25. Ne3 h5 26. Re2 Re7 27. Ng2 Rf6 28.
Rfe1 Qf7 29. f4 g4 30. Re5 Nf5 31. Ne3 Rc7 32. Nxf5 exf5 33. Qe2 Kh7 34. Qg2
Rd6 35. h3 Kg7 36. hxg4 hxg4 37. Qh1 Rh6 38. Qxd5 Qxd5 39. Rxd5 Rf6 40. Rc5 Rd7
41. Kf2 Rxd4 42. Rc7+ Rf7 43. Ree7 Rxe7 44. Rxe7+ Kf6 45. Rxb7 Rd2+ 46. Ke3
Rxa2 47. Rb6+ Ke7 48. Kd4 Rg2 49. Ke5 Rxg3 50. Rb7+ Ke8 51. Kxf5 Rg1 52. Rb6 g3
53. Rxa6 Rb1 54. Ra8+ Kf7 55. Ra7+ Ke8 56. Ra8+ Kf7 57. Ra7+ Ke8 58. Ra8+
1/2-1/2

[Event "Rome World Online Blitz (Women)"]
[Site "Rome"]
[Date "2015.11.26"]
[Round "7"]
[White "Gvetadze, Sofio"]
[Black "Kosteniuk, Alexandra"]
[Result "1/2-1/2"]
[WhiteElo "2321"]
[BlackElo "2534"]
[PlyCount "116"]
[EventDate "2015.11.26"]
[EventType "tourn (blitz)"]
[EventRounds "18"]
[EventCountry "ITA"]
[EventCategory "7"]
[SourceTitle "CBM 169 Extra"]
[Source "ChessBase"]
[SourceDate "2015.12.18"]
[SourceVersion "1"]
[SourceVersionDate "2015.12.18"]
[SourceQuality "1"]

1. e4 e5 2. Nf3 Nc6 3. Bb5 a6 4. Ba4 Nf6 5. d3 Bc5 6. O-O d6 7. c3 b5 8. Bb3
Bg4 9. Be3 O-O 10. Nbd2 Nd7 11. h3 Bxe3 12. fxe3 Be6 13. d4 Bxb3 14. axb3 Qe8
15. Nh4 Ne7 16. Qg4 Ng6 17. Nf5 Nf6 18. Qf3 Nd7 19. Rf2 Qe6 20. b4 Qf6 21. Qg4
Qe6 22. d5 Qe8 23. h4 Nf6 24. Qg5 h6 25. Qg3 Qd8 26. Raf1 Kh7 27. Qf3 Ne8 28.
h5 Nh4 29. Qg4 Nxf5 30. Rxf5 Nf6 31. Qf3 Qe7 32. g4 Kg8 33. g5 hxg5 34. h6 Nh7
35. hxg7 Kxg7 36. Qg4 f6 37. Nf3 Rh8 38. Nh4 Rag8 39. Kf2 Kf7 40. Qh5+ Kf8 41.
Ng6+ Rxg6 42. Qxg6 Qf7 43. Qh6+ Qg7 44. Qh2 Kg8 45. Ke2 Nf8 46. Qg3 Nd7 47.
R1f2 Rh4 48. R5f3 Qg6 49. Rh2 Rxh2+ 50. Qxh2 Qxe4 51. Qh5 Nf8 52. Rxf6 Qc2+ 53.
Ke1 Qc1+ 54. Kf2 Qd2+ 55. Kf1 Qd3+ 56. Kf2 Qd2+ 57. Kf1 Qd3+ 58. Kf2 Qd2+
1/2-1/2

[Event "Rome World Online Blitz (Women)"]
[Site "Rome"]
[Date "2015.11.26"]
[Round "8"]
[White "Kosteniuk, Alexandra"]
[Black "Zimina, Olga"]
[Result "1-0"]
[WhiteElo "2534"]
[BlackElo "2364"]
[PlyCount "91"]
[EventDate "2015.11.26"]
[EventType "tourn (blitz)"]
[EventRounds "18"]
[EventCountry "ITA"]
[EventCategory "7"]
[SourceTitle "CBM 169 Extra"]
[Source "ChessBase"]
[SourceDate "2015.12.18"]
[SourceVersion "1"]
[SourceVersionDate "2015.12.18"]
[SourceQuality "1"]

1. e4 e5 2. Nf3 Nc6 3. Bb5 Nf6 4. d3 d6 5. O-O g6 6. d4 Bd7 7. Bxc6 Bxc6 8.
dxe5 dxe5 9. Qxd8+ Rxd8 10. Nxe5 Bxe4 11. Re1 Be7 12. Nc3 Bxc2 13. Bg5 O-O 14.
Nxg6 fxg6 15. Rxe7 Rf7 16. Bxf6 Rxf6 17. Rxc7 Rd2 18. f3 Rf7 19. Rxf7 Kxf7 20.
Rf1 Bf5 21. Rf2 Rd3 22. g4 Be6 23. h4 a6 24. Kg2 b5 25. a3 Bc4 26. Kg3 a5 27.
Kf4 h6 28. Rc2 Bb3 29. Re2 Bc4 30. Re5 b4 31. axb4 axb4 32. Ne4 b3 33. g5 hxg5+
34. Nxg5+ Kf6 35. Rc5 Bd5 36. Rb5 Bg8 37. Rb6+ Kg7 38. Ne4 Bd5 39. Ng5 Rd2 40.
Rd6 Rd1 41. Ke5 Bxf3 42. Nxf3 Rb1 43. Rd2 Rf1 44. Kf4 Kf6 45. Rd6+ Ke7 46. Rb6
1-0

[Event "Rome World Online Blitz (Women)"]
[Site "Rome"]
[Date "2015.11.26"]
[Round "9"]
[White "Nikolova, Adriana"]
[Black "Kosteniuk, Alexandra"]
[Result "0-1"]
[WhiteElo "2337"]
[BlackElo "2534"]
[PlyCount "76"]
[EventDate "2015.11.26"]
[EventType "tourn (blitz)"]
[EventRounds "18"]
[EventCountry "ITA"]
[EventCategory "7"]
[SourceTitle "CBM 169 Extra"]
[Source "ChessBase"]
[SourceDate "2015.12.18"]
[SourceVersion "1"]
[SourceVersionDate "2015.12.18"]
[SourceQuality "1"]

1. e4 e5 2. Nf3 Nc6 3. Bb5 a6 4. Ba4 Nf6 5. O-O Bc5 6. c3 b5 7. Bb3 d6 8. a4
Rb8 9. d4 Bb6 10. axb5 axb5 11. Bg5 h6 12. Bd5 hxg5 13. Bxc6+ Bd7 14. Bxd7+
Nxd7 15. Na3 g4 16. Nd2 Qh4 17. h3 gxh3 18. g3 h2+ 19. Kh1 Qh7 20. Nxb5 Nf6 21.
Qe2 O-O 22. f3 Rfd8 23. Qxh2 Qg6 24. Kg2 c6 25. Rh1 Kf8 26. Na7 Bxa7 27. Rxa7
Rxb2 28. Kf1 Rdb8 29. Ke1 Qg5 30. f4 exf4 31. gxf4 Qg4 32. e5 Rxd2 33. Qxd2
Rb1+ 34. Kf2 Rxh1 35. exf6 Rh2+ 36. Ke3 Qe6+ 37. Kd3 Rxd2+ 38. Kxd2 gxf6 0-1

[Event "Rome World Online Blitz (Women)"]
[Site "Rome"]
[Date "2015.11.26"]
[Round "10"]
[White "Padmini, Rout"]
[Black "Kosteniuk, Alexandra"]
[Result "0-1"]
[WhiteElo "2437"]
[BlackElo "2534"]
[PlyCount "48"]
[EventDate "2015.11.26"]
[EventType "tourn (blitz)"]
[EventRounds "18"]
[EventCountry "ITA"]
[EventCategory "7"]
[SourceTitle "CBM 169 Extra"]
[Source "ChessBase"]
[SourceDate "2015.12.18"]
[SourceVersion "1"]
[SourceVersionDate "2015.12.18"]
[SourceQuality "1"]

1. e4 e5 2. Nf3 Nc6 3. Bc4 Bc5 4. O-O Nf6 5. d3 O-O 6. h3 h6 7. c3 d5 8. exd5
Nxd5 9. Re1 Nb6 10. Bb5 Re8 11. Bxc6 bxc6 12. Nxe5 Bxf2+ 13. Kxf2 Rxe5 14. Rxe5
Qf6+ 15. Qf3 Qxe5 16. Qxc6 Bxh3 17. gxh3 Re8 18. Kg2 Qe2+ 19. Kg3 Qe1+ 20. Kg4
Re6 21. Qxc7 Rg6+ 22. Kf3 Qf1+ 23. Ke4 Re6+ 24. Kd4 Qf2+ 0-1

[Event "Rome World Online Blitz (Women)"]
[Site "Rome"]
[Date "2015.11.26"]
[Round "11"]
[White "Kosteniuk, Alexandra"]
[Black "Foisor, Sabina Francesca"]
[Result "1-0"]
[WhiteElo "2534"]
[BlackElo "2258"]
[PlyCount "123"]
[EventDate "2015.11.26"]
[EventType "tourn (blitz)"]
[EventRounds "18"]
[EventCountry "ITA"]
[EventCategory "7"]
[SourceTitle "CBM 169 Extra"]
[Source "ChessBase"]
[SourceDate "2015.12.18"]
[SourceVersion "1"]
[SourceVersionDate "2015.12.18"]
[SourceQuality "1"]

1. e4 e5 2. Nf3 Nc6 3. Bb5 a6 4. Ba4 Nf6 5. O-O Be7 6. Re1 b5 7. Bb3 O-O 8. a4
b4 9. d3 h6 10. Nbd2 Re8 11. Nc4 Bf8 12. Ne3 d6 13. a5 Be6 14. Ba4 Bd7 15. Bd2
Rb8 16. h3 Nd4 17. Bxd7 Qxd7 18. Nxd4 exd4 19. Nf5 c5 20. Qf3 Kh7 21. Nxh6 gxh6
22. Qxf6 Bg7 23. Qf3 Re6 24. Qf5+ Kh8 25. f4 Qd8 26. Qxf7 Qe8 27. Qxe8+ Rbxe8
28. b3 Kg8 29. g4 Kf7 30. Kg2 h5 31. g5 R6e7 32. Kf3 Rf8 33. f5 Be5 34. g6+ Kg7
35. Rg1 Bf6 36. Bf4 Rd7 37. Rae1 Bd8 38. Bg5 Bxg5 39. Rxg5 Rh8 40. Kf4 Re7 41.
e5 dxe5+ 42. Rxe5 Rxe5 43. Kxe5 Re8+ 44. Kd5 h4 45. Rg2 Kf6 46. g7 Rg8 47. Kxc5
Kxf5 48. Kxd4 Kf6 49. Kc4 Kf7 50. Kxb4 Rb8+ 51. Ka4 Kg8 52. Re2 Kxg7 53. Re4
Rh8 54. b4 Kg6 55. c4 Kg5 56. Rg4+ Kh5 57. b5 axb5+ 58. cxb5 Rd8 59. d4 Re8 60.
b6 Re3 61. b7 Rxh3 62. Rg8 1-0

[Event "Rome World Online Blitz (Women)"]
[Site "Rome"]
[Date "2015.11.26"]
[Round "12"]
[White "Gunina, Valentina"]
[Black "Kosteniuk, Alexandra"]
[Result "1-0"]
[WhiteElo "2516"]
[BlackElo "2534"]
[PlyCount "113"]
[EventDate "2015.11.26"]
[EventType "tourn (blitz)"]
[EventRounds "18"]
[EventCountry "ITA"]
[EventCategory "7"]
[SourceTitle "CBM 169 Extra"]
[Source "ChessBase"]
[SourceDate "2015.12.18"]
[SourceVersion "1"]
[SourceVersionDate "2015.12.18"]
[SourceQuality "1"]

1. d4 Nf6 2. c4 e6 3. Nf3 b6 4. g3 Bb7 5. Bg2 Be7 6. O-O O-O 7. Re1 d5 8. cxd5
exd5 9. Nc3 c5 10. Bf4 Na6 11. Rc1 Ne4 12. Ne5 Nxc3 13. bxc3 Bf6 14. Qa4 Qe8
15. Qb3 Qe6 16. e4 dxe4 17. Qxe6 fxe6 18. Bxe4 Bxe4 19. Rxe4 Rac8 20. Nd7 Rf7
21. Nxf6+ Rxf6 22. Rce1 cxd4 23. cxd4 Kf7 24. Be5 Rg6 25. Rf4+ Kg8 26. Bd6 Rd8
27. Ba3 Nc7 28. h4 h5 29. Re5 Nd5 30. Rfe4 Kf7 31. Rxh5 Nf6 32. Rf4 Rc8 33. Rb5
Rc2 34. Rb2 Rc3 35. Bb4 Rc1+ 36. Kg2 Ke8 37. Bd6 Rg4 38. Rxg4 Nxg4 39. Bb8 a5
40. Rxb6 Rc2 41. Rxe6+ Kd7 42. Rg6 Nxf2 43. Kf3 Rxa2 44. d5 Nd1 45. Rxg7+ Kc8
46. Be5 Rf2+ 47. Ke4 Re2+ 48. Kd4 a4 49. d6 Rd2+ 50. Kc5 a3 51. Rc7+ Kd8 52.
Bf6+ Ke8 53. Re7+ Kf8 54. d7 a2 55. Re8+ Kf7 56. d8=Q Rxd8 57. Rxd8 1-0

[Event "Rome World Online Blitz (Women)"]
[Site "Rome"]
[Date "2015.11.26"]
[Round "13"]
[White "Kosteniuk, Alexandra"]
[Black "Dzagnidze, Nana"]
[Result "1/2-1/2"]
[WhiteElo "2534"]
[BlackElo "2566"]
[PlyCount "111"]
[EventDate "2015.11.26"]
[EventType "tourn (blitz)"]
[EventRounds "18"]
[EventCountry "ITA"]
[EventCategory "7"]
[SourceTitle "CBM 169 Extra"]
[Source "ChessBase"]
[SourceDate "2015.12.18"]
[SourceVersion "1"]
[SourceVersionDate "2015.12.18"]
[SourceQuality "1"]

1. e4 c5 2. Nf3 a6 3. Nc3 Nc6 4. d4 cxd4 5. Nxd4 e5 6. Nf5 d6 7. Ne3 Be7 8. Bc4
Nf6 9. O-O Be6 10. Bd5 Rc8 11. a3 O-O 12. h3 Qc7 13. Qd3 Nd4 14. f4 Qc5 15. Kh2
Rfe8 16. Bd2 Bxd5 17. Nexd5 Nxd5 18. exd5 Bf6 19. Be3 Qc4 20. Qxc4 Rxc4 21.
Rac1 Rec8 22. f5 Be7 23. g4 h6 24. Rf2 Kf8 25. Rcf1 Bg5 26. Bxg5 hxg5 27. f6 g6
28. Rc1 b5 29. Kg2 Rxc3 30. bxc3 Rxc3 31. Rd2 Nb3 32. cxb3 Rxc1 33. a4 Rc5 34.
axb5 Rxb5 35. Ra2 Rxd5 36. Rxa6 Ke8 37. Ra7 Rb5 38. Re7+ Kd8 39. Rxf7 Rxb3 40.
Re7 Rb4 41. Re6 Kd7 42. Re7+ Kc6 43. Rg7 Rf4 44. Rxg6 Kd7 45. Rxg5 Rxf6 46. h4
e4 47. Ra5 Ke6 48. g5 Rf4 49. Kg3 Rf3+ 50. Kg4 Rf1 51. Ra3 d5 52. h5 Rg1+ 53.
Kf4 Rf1+ 54. Kg4 Rg1+ 55. Kf4 Rf1+ 56. Kg4 1/2-1/2

[Event "Rome World Online Blitz (Women)"]
[Site "Rome"]
[Date "2015.11.26"]
[Round "14"]
[White "Vasilevich, Irina"]
[Black "Kosteniuk, Alexandra"]
[Result "0-1"]
[WhiteElo "2305"]
[BlackElo "2534"]
[PlyCount "78"]
[EventDate "2015.11.26"]
[EventType "tourn (blitz)"]
[EventRounds "18"]
[EventCountry "ITA"]
[EventCategory "7"]
[SourceTitle "CBM 169 Extra"]
[Source "ChessBase"]
[SourceDate "2015.12.18"]
[SourceVersion "1"]
[SourceVersionDate "2015.12.18"]
[SourceQuality "1"]

1. b3 d5 2. Bb2 Nc6 3. e3 Nf6 4. d3 g6 5. Nd2 Bg7 6. a3 O-O 7. Be2 e5 8. g4 Re8
9. h4 h6 10. Nh3 Nh7 11. h5 g5 12. c4 Nf6 13. Rc1 Be6 14. Nf1 Qd7 15. f3 Rad8
16. cxd5 Qxd5 17. Nf2 Qxb3 18. Qxb3 Bxb3 19. Ng3 Nd5 20. Kd2 Bf8 21. Nfe4 Na5
22. Nf5 Re6 23. Nc5 Rc6 24. d4 exd4 25. exd4 Nf4 26. Ne4 Bd5 27. Rxc6 Bxc6 28.
Ke3 Nd5+ 29. Kf2 b6 30. Rc1 Bb7 31. Bc4 Nxc4 32. Rxc4 c6 33. Rc1 Re8 34. Rd1
Re6 35. a4 f6 36. Ra1 a5 37. Rb1 Kf7 38. Bc1 Nb4 39. Bd2 c5 0-1

[Event "Rome World Online Blitz (Women)"]
[Site "Rome"]
[Date "2015.11.26"]
[Round "16"]
[White "Kosteniuk, Alexandra"]
[Black "Gvetadze, Sofio"]
[Result "1-0"]
[WhiteElo "2534"]
[BlackElo "2321"]
[PlyCount "83"]
[EventDate "2015.11.26"]
[EventType "tourn (blitz)"]
[EventRounds "18"]
[EventCountry "ITA"]
[EventCategory "7"]
[SourceTitle "CBM 169 Extra"]
[Source "ChessBase"]
[SourceDate "2015.12.18"]
[SourceVersion "1"]
[SourceVersionDate "2015.12.18"]
[SourceQuality "1"]

1. e4 Nf6 2. Nc3 d5 3. e5 Nfd7 4. d4 e6 5. f4 c5 6. Nf3 Nc6 7. Be3 cxd4 8. Nxd4
Nxd4 9. Bxd4 Bc5 10. Bxc5 Nxc5 11. Qd4 Qb6 12. O-O-O Bd7 13. f5 O-O-O 14. fxe6
fxe6 15. Be2 Rhf8 16. Kb1 Kb8 17. Rhf1 Qc7 18. Bg4 a6 19. a3 Bc8 20. g3 Qe7 21.
Qb4 Rxf1 22. Rxf1 Rf8 23. Be2 Rxf1+ 24. Bxf1 Qc7 25. Qf4 Nd7 26. Qb4 Qxe5 27.
Bxa6 Qe1+ 28. Ka2 Qe5 29. Bd3 Qc7 30. Bxh7 Nf6 31. Bd3 e5 32. Nb5 Qb6 33. a4 d4
34. a5 Qc6 35. Bc4 Ne4 36. b3 Nc5 37. Qe1 Qe4 38. Qf2 Be6 39. Qf8+ Bc8 40. Qd6+
Ka8 41. Nc7+ Kb8 42. Na6+ 1-0